[Event "6th Sharjah Masters 2023"]
[Site "Sharjah UAE"]
[Date "2023.05.17"]
[Round "1.1"]
[White "Yoo, Christopher Woojin"]
[Black "Maghsoodloo, Parham"]
[Result "0-1"]
[WhiteTitle "GM"]
[BlackTitle "GM"]
[WhiteElo "2607"]
[BlackElo "2734"]
[WhiteFideId "30909694"]
[BlackFideId "12539929"]
[EventDate "2023.05.17"]
[EventType "swiss"]

1. e4 c5 2. Nf3 d6 3. d4 cxd4 4. Nxd4 Nf6 5. Nc3 Nc6 6. Bg5 e6 7. Qd3 Bd7 8.
Ndb5 Nb4 9. Qd1 Qb8 10. Bf4 e5 11. Bg5 a6 12. Bxf6 gxf6 13. Na3 b5 14. Nab1 Bg7
15. a3 Nc6 16. Nd5 f5 17. Nbc3 O-O 18. exf5 Bxf5 19. g4 Bg6 20. Bg2 Qa7 21. h4
Nd4 22. Ne4 f5 23. h5 Bf7 24. Ng5 e4 25. h6 Be5 26. Nc3 Bc4 27. Nh3 Rae8 28.
gxf5 Nf3+ 29. Bxf3 exf3 30. Kd2 Qxf2+ 31. Kc1 Qe3+ 32. Kb1 Bd4 33. Rg1+ Kh8 34.
Rg4 Bxc3 35. bxc3 Qxc3 36. Qd4+ Qxd4 37. Rxd4 Rxf5 38. Rxd6 f2 39. Nxf2 Rxf2 40.
Rxa6 b4 41. Rc6 b3 42. Rxc4 bxc2+ 43. Rxc2 Rb8+ 44. Kc1 Rf1+ 0-1

[Event "6th Sharjah Masters 2023"]
[Site "Sharjah UAE"]
[Date "2023.05.17"]
[Round "1.2"]
[White "Gukesh, D"]
[Black "Vescovi, Giovanni"]
[Result "1-0"]
[WhiteTitle "GM"]
[BlackTitle "GM"]
[WhiteElo "2732"]
[BlackElo "2606"]
[WhiteFideId "46616543"]
[BlackFideId "2100789"]
[EventDate "2023.05.17"]
[EventType "swiss"]

1. e4 e5 2. Nf3 Nc6 3. Bb5 Nf6 4. d3 d6 5. O-O Be7 6. c3 O-O 7. Nbd2 Bg4 8. Re1
Nd7 9. h3 Bh5 10. Nf1 Bxf3 11. Qxf3 Bg5 12. Be3 Bxe3 13. Nxe3 Nb6 14. Rad1 a6
15. Bxc6 bxc6 16. d4 f6 17. Qg3 Qe8 18. f4 exf4 19. Qxf4 Qf7 20. b3 a5 21. Nf5
a4 22. c4 axb3 23. axb3 Nd7 24. b4 Rfd8 25. c5 dxc5 26. Qg3 Qf8 27. bxc5 Ra7 28.
Rf1 g6 29. e5 Kh8 30. Nh4 f5 31. Rde1 Re8 32. Nxg6+ hxg6 33. Qxg6 1-0

[Event "6th Sharjah Masters 2023"]
[Site "Sharjah UAE"]
[Date "2023.05.17"]
[Round "1.3"]
[White "Murzin, Volodar"]
[Black "Vidit, Santosh Gujrathi"]
[Result "1/2-1/2"]
[WhiteTitle "GM"]
[BlackTitle "GM"]
[WhiteElo "2604"]
[BlackElo "2731"]
[WhiteFideId "44155573"]
[BlackFideId "5029465"]
[EventDate "2023.05.17"]
[EventType "swiss"]

1. e4 c5 2. Nf3 Nc6 3. Bb5 e6 4. O-O Nge7 5. Re1 Ng6 6. c3 Be7 7. d4 cxd4 8.
cxd4 d5 9. exd5 exd5 10. Nc3 O-O 11. Be3 Be6 12. Bxc6 bxc6 13. Rc1 Re8 14. Na4
Bg4 15. h3 Bxf3 16. Qxf3 Bb4 17. Nc3 Re6 18. Qg4 Qd7 19. Bd2 Rae8 20. Rxe6 Rxe6
21. Re1 Rxe1+ 22. Bxe1 Qxg4 23. hxg4 Nf4 24. a3 Bxc3 25. Bxc3 f6 26. Bd2 Ne6 27.
f3 Kf7 28. Kf2 Kg6 29. Be3 f5 30. gxf5+ Kxf5 31. g4+ Kf6 32. Kg3 g5 33. b4 Kg6
34. a4 a6 35. Kh3 h5 36. Kg3 Ng7 37. Bc1 Ne8 38. gxh5+ Kxh5 39. f4 g4 40. f5 Nd6
41. Kf4 g3 42. Kxg3 Nxf5+ 43. Kf4 Nxd4 44. Ke5 Nc2 45. Bd2 Kg4 46. b5 1/2-1/2

[Event "6th Sharjah Masters 2023"]
[Site "Sharjah UAE"]
[Date "2023.05.17"]
[Round "1.4"]
[White "Yu, Yangyi"]
[Black "Mastrovasilis, Dimitrios"]
[Result "1-0"]
[WhiteTitle "GM"]
[BlackTitle "GM"]
[WhiteElo "2729"]
[BlackElo "2603"]
[WhiteFideId "8603820"]
[BlackFideId "4202694"]
[EventDate "2023.05.17"]
[EventType "swiss"]

1. c4 e6 2. g3 d5 3. Bg2 Nf6 4. Nf3 d4 5. d3 c5 6. e4 dxe3 7. Bxe3 Nc6 8. d4
cxd4 9. Nxd4 Bb4+ 10. Nc3 Bd7 11. Nb5 O-O 12. O-O a6 13. Nd6 Qc7 14. c5 b6 15.
Nde4 Bxc5 16. Nxf6+ gxf6 17. Bxc5 bxc5 18. Ne4 Rad8 19. Qg4+ Kh8 20. Nxf6 h6 21.
Qe4 1-0

[Event "6th Sharjah Masters 2023"]
[Site "Sharjah UAE"]
[Date "2023.05.17"]
[Round "1.5"]
[White "Mendonca, Leon Luke"]
[Black "Sjugirov, Sanan"]
[Result "1/2-1/2"]
[WhiteTitle "GM"]
[BlackTitle "GM"]
[WhiteElo "2603"]
[BlackElo "2712"]
[WhiteFideId "35028561"]
[BlackFideId "4189302"]
[EventDate "2023.05.17"]
[EventType "swiss"]

1. d4 Nf6 2. c4 g6 3. Nc3 d5 4. e3 Bg7 5. Qa4+ c6 6. Nf3 O-O 7. Be2 Nbd7 8. cxd5
Nb6 9. Qa3 cxd5 10. O-O Ne4 11. Nd2 Nxc3 12. bxc3 Bf5 13. Qb3 Qc7 14. a4 Rac8
15. a5 Nc4 16. Nxc4 dxc4 17. Qb5 e5 18. Ba3 Rfd8 19. Bc5 Bd3 20. Rfe1 a6 21. Qb2
Qd7 22. Ra2 e4 23. Rea1 Rxc5 24. dxc5 Qd5 25. Bf1 Rd7 26. Ra4 Qxc5 27. Rb4 Qd5
28. Rb6 Be5 29. g3 Bd6 30. Qc1 Bc5 31. Rb2 h5 32. Qd1 Kg7 33. Ra4 Qe6 34. Bg2
Qc6 35. Qa1 Qf6 36. Rd2 Rc7 37. Bf1 Bd6 38. Rd1 h4 39. Qb2 Be5 40. Rc1 Bxf1 41.
Kxf1 Qf3 42. gxh4 Bxh2 43. Ke1 Be5 44. Qe2 Qh1+ 45. Qf1 Qxh4 46. Rxc4 Rxc4 47.
Qxc4 Qh1+ 48. Kd2 Qf3 49. Qe2 Qf5 50. Ke1 Bf6 51. Qb2 Qxa5 52. Qxb7 Bxc3+ 53.
Kf1 Qa3 54. Rd1 Qa4 55. Rd7 Qc4+ 56. Kg2 Qe6 57. Re7 Qg4+ 58. Kf1 Qd1+ 59. Kg2
Qf3+ 60. Kg1 Qd1+ 61. Kg2 Qg4+ 62. Kf1 Qh3+ 63. Kg1 Qg4+ 1/2-1/2

[Event "6th Sharjah Masters 2023"]
[Site "Sharjah UAE"]
[Date "2023.05.17"]
[Round "1.6"]
[White "Niemann, Hans Moke"]
[Black "Harsha, Bharathakoti"]
[Result "1-0"]
[WhiteTitle "GM"]
[BlackTitle "GM"]
[WhiteElo "2708"]
[BlackElo "2602"]
[WhiteFideId "2093596"]
[BlackFideId "5078776"]
[EventDate "2023.05.17"]
[EventType "swiss"]

1. d4 d5 2. c4 c6 3. Nf3 Nf6 4. e3 Bf5 5. Nc3 e6 6. Nh4 Be4 7. f3 Bg6 8. Qb3 Qc7
9. Bd2 Be7 10. g3 O-O 11. cxd5 cxd5 12. Nxg6 hxg6 13. Bd3 Nc6 14. Rc1 a6 15. Ne2
Qd7 16. O-O e5 17. Rxc6 bxc6 18. dxe5 Nh7 19. Qa4 Rfd8 20. Ba5 c5 21. Bc2 Qxa4
22. Bxa4 Rdb8 23. Bc6 Ra7 24. Bxd5 Rxb2 25. Kf2 Ng5 26. Bc4 Ne6 27. Bc3 Rb8 28.
Rd1 g5 29. f4 g6 30. g4 gxf4 31. Nxf4 Ng5 32. Bd5 Rd8 33. Ke2 Kg7 34. h4 Ne6 35.
Ba5 Rxd5 36. Rxd5 Rb7 37. g5 Rb1 38. Rd1 Rb2+ 39. Rd2 Rb1 40. Bc3 Rh1 41. Rd7
Kf8 42. Be1 c4 43. Nxe6+ fxe6 44. Rc7 Ke8 45. Rxc4 Kd7 46. Ra4 a5 47. Bxa5 Rh2+
48. Kd3 Kc6 49. Be1 Bc5 50. Rc4 Kb6 51. a4 1-0

[Event "6th Sharjah Masters 2023"]
[Site "Sharjah UAE"]
[Date "2023.05.17"]
[Round "1.7"]
[White "Kadric, Denis"]
[Black "Robson, Ray"]
[Result "1-0"]
[WhiteTitle "GM"]
[BlackTitle "GM"]
[WhiteElo "2601"]
[BlackElo "2704"]
[WhiteFideId "14403803"]
[BlackFideId "2023970"]
[EventDate "2023.05.17"]
[EventType "swiss"]

1. e4 e5 2. Nf3 Nc6 3. Bc4 Nf6 4. d3 Bc5 5. c3 d6 6. O-O O-O 7. Re1 a6 8. a4 h6
9. h3 Re8 10. Nbd2 Be6 11. Bxe6 Rxe6 12. b4 Ba7 13. Qc2 Qd7 14. Rb1 b5 15. Ra1
d5 16. Nf1 Rd8 17. Bd2 Bb6 18. a5 Ba7 19. Rac1 Nh5 20. Be3 Bxe3 21. Nxe3 Nf4 22.
Nxd5 Nxd5 23. exd5 Qxd5 24. Re3 f5 25. c4 Qd6 26. cxb5 axb5 27. Qb3 Qd5 28. Qb2
Qd6 29. Qb3 Qd5 30. Qb2 Qd6 31. Rc5 e4 32. Qb3 Kh7 33. Rxf5 Nxb4 34. Rxe4 Rxe4
35. dxe4 Qd1+ 36. Qxd1 Rxd1+ 37. Kh2 c6 38. Rc5 Ra1 39. Ne5 Rxa5 40. Nxc6 Nxc6
41. Rxc6 Ra2 42. Kg3 g5 43. Rb6 Rb2 44. Kf3 Rb3+ 45. Kg4 Rb2 46. Kh5 Rxf2 47.
Rxh6+ Kg7 48. Rg6+ Kf7 49. Rxg5 b4 50. g4 Rf4 51. Rb5 Rxe4 52. Rb7+ Ke6 53. h4
Kd5 54. g5 Kc6 55. Rb8 Kc7 56. Rf8 b3 57. Rf1 b2 58. Rb1 Re2 59. g6 Rg2 60. Kh6
Kd7 61. g7 Ke7 62. Kh7 Rh2 63. g8=Q Rxh4+ 64. Kg7 Rg4+ 65. Kh8 Rh4+ 66. Qh7+ 1-0

[Event "6th Sharjah Masters 2023"]
[Site "Sharjah UAE"]
[Date "2023.05.17"]
[Round "1.8"]
[White "Erigaisi, Arjun"]
[Black "Piorun, Kacper"]
[Result "1-0"]
[WhiteTitle "GM"]
[BlackTitle "GM"]
[WhiteElo "2701"]
[BlackElo "2601"]
[WhiteFideId "35009192"]
[BlackFideId "1130420"]
[EventDate "2023.05.17"]
[EventType "swiss"]

1. d4 e6 2. c4 b6 3. a3 Bb7 4. Nc3 Nf6 5. d5 Bd6 6. Nf3 O-O 7. Bg5 exd5 8. cxd5
Re8 9. e3 h6 10. Bh4 c6 11. Bc4 cxd5 12. Bxd5 Bxd5 13. Nxd5 Be7 14. Bxf6 Bxf6
15. Qe2 Nc6 16. O-O Rb8 17. Rac1 b5 18. Rfd1 Be7 19. g3 Qa5 20. Nd4 Nxd4 21.
Rxd4 Bd8 22. Qg4 Re6 23. Nf4 Rc6 24. Rxc6 dxc6 25. Nh5 g6 26. Qe4 Bb6 27. Nf6+
Kg7 28. Nd7 Rd8 29. Qe5+ Kg8 30. Nf6+ Kf8 31. Rxd8+ Bxd8 32. Nd7+ 1-0

[Event "6th Sharjah Masters 2023"]
[Site "Sharjah UAE"]
[Date "2023.05.17"]
[Round "1.9"]
[White "Sanal, Vahap"]
[Black "Praggnanandhaa, R"]
[Result "0-1"]
[WhiteTitle "GM"]
[BlackTitle "GM"]
[WhiteElo "2600"]
[BlackElo "2688"]
[WhiteFideId "6300545"]
[BlackFideId "25059530"]
[EventDate "2023.05.17"]
[EventType "swiss"]

1. d4 Nf6 2. Nf3 d5 3. c4 e6 4. e3 a6 5. b3 b6 6. Bb2 Bb7 7. Nbd2 Bd6 8. Bd3
Nbd7 9. O-O Ne4 10. Qc2 Ndf6 11. cxd5 exd5 12. Ne5 O-O 13. Rac1 Qe7 14. Nxe4
dxe4 15. Be2 Rac8 16. Nc4 Rfe8 17. Rfd1 Nd5 18. a3 Qe6 19. Nxd6 Qxd6 20. b4 Qd7
21. Qd2 Ra8 22. Re1 Re7 23. f4 Bc6 24. f5 Bb5 25. Bg4 Nf6 26. Bh3 Qd6 27. d5
Nxd5 28. f6 Nxf6 29. Qxd6 cxd6 30. Bxf6 gxf6 31. Red1 Rd8 32. Bf5 h5 33. h3 h4
34. Rd2 d5 35. Rf2 d4 36. exd4 Rxd4 37. Rf4 Re5 38. Rc8+ Be8 39. Kh2 Kf8 40.
Rxh4 Ke7 0-1

[Event "6th Sharjah Masters 2023"]
[Site "Sharjah UAE"]
[Date "2023.05.17"]
[Round "1.10"]
[White "Predke, Alexandr"]
[Black "Peralta, Fernando"]
[Result "1/2-1/2"]
[WhiteTitle "GM"]
[BlackTitle "GM"]
[WhiteElo "2685"]
[BlackElo "2596"]
[WhiteFideId "24107581"]
[BlackFideId "105309"]
[EventDate "2023.05.17"]
[EventType "swiss"]

1. d4 Nf6 2. c4 e6 3. Nf3 b6 4. g3 Bb7 5. Bg2 Be7 6. Nc3 Ne4 7. Bd2 Bf6 8. Qc2
Nxd2 9. Qxd2 O-O 10. h4 c5 11. d5 exd5 12. Ng5 Bxc3 13. bxc3 h6 14. Bxd5 Bxd5
15. Qxd5 Nc6 16. Ne4 Ne7 17. Qe5 f6 18. Qf4 d5 19. Rd1 f5 20. Nd2 Qe8 21. h5 Rd8
22. Nf3 Qa4 23. Qe3 Qxc4 24. Qe6+ Kh7 25. Ne5 Qxc3+ 26. Kf1 Rde8 27. Nd7 Rg8 28.
Rd3 Qc2 29. Ne5 Qc1+ 30. Kg2 Qg5 31. Nd7 Nc8 32. Qxd5 Rxe2 33. Rf3 Rd2 34. Qf7
Nd6 35. Nf8+ Kh8 36. Ng6+ Kh7 37. Nf8+ Kh8 38. Ng6+ Kh7 39. Nf8+ 1/2-1/2

[Event "6th Sharjah Masters 2023"]
[Site "Sharjah UAE"]
[Date "2023.05.17"]
[Round "1.11"]
[White "Ivic, Velimir"]
[Black "Sevian, Samuel"]
[Result "0-1"]
[WhiteTitle "GM"]
[BlackTitle "GM"]
[WhiteElo "2595"]
[BlackElo "2684"]
[WhiteFideId "950122"]
[BlackFideId "2040506"]
[EventDate "2023.05.17"]
[EventType "swiss"]

1. e4 e5 2. Nf3 Nc6 3. Bb5 a6 4. Ba4 Nf6 5. O-O Be7 6. d3 b5 7. Bb3 d6 8. c3 O-O
9. h3 Na5 10. Bc2 c5 11. d4 Qc7 12. Re1 Kh8 13. d5 Bd7 14. b3 Ne8 15. Nbd2 g6
16. Nf1 Ng7 17. Bh6 Nb7 18. g4 f6 19. Ng3 Nd8 20. Kg2 Qc8 21. Nh2 Nf7 22. Be3 a5
23. Qd3 Rb8 24. Rab1 Bd8 25. f4 exf4 26. Bxf4 Ne5 27. Qe2 c4 28. bxc4 Nxc4 29.
Bd3 g5 30. Bc1 Ne5 31. Bd2 Qc5 32. Rf1 Re8 33. Nf3 Nxd3 34. Qxd3 Qa3 35. h4 b4
36. hxg5 Bb5 37. Qd4 Rf8 38. e5 dxe5 39. Qe4 Bxf1+ 40. Rxf1 bxc3 41. gxf6 Rxf6
42. Rh1 h6 43. Bxh6 Rb2+ 44. Bd2+ Kg8 45. Qh7+ Kf7 46. Nh5 Qf8 47. Nxe5+ Ke7 48.
Nxg7 Rxd2+ 49. Kg3 Kd6 50. Nc4+ Kxd5 51. Nxd2 Bc7+ 52. Kh4 cxd2 53. Qd3+ Kc6 54.
Qe4+ Kd7 55. Qd5+ Kc8 56. Qa8+ Bb8 57. Nh5 Rd6 58. Qe4 Qd8+ 59. Kh3 d1=Q 60.
Rxd1 Rxd1 61. Qc6+ Bc7 62. Qa6+ Kb8 63. Qb5+ Ka7 0-1

[Event "6th Sharjah Masters 2023"]
[Site "Sharjah UAE"]
[Date "2023.05.17"]
[Round "1.12"]
[White "Esipenko, Andrey"]
[Black "Dragnev, Valentin"]
[Result "1-0"]
[WhiteTitle "GM"]
[BlackTitle "GM"]
[WhiteElo "2679"]
[BlackElo "2593"]
[WhiteFideId "24175439"]
[BlackFideId "1634852"]
[EventDate "2023.05.17"]
[EventType "swiss"]

1. e4 e5 2. Nf3 Nf6 3. Nxe5 d6 4. Nf3 Nxe4 5. d4 d5 6. Bd3 Bd6 7. O-O O-O 8. c4
c6 9. Re1 Bf5 10. Qb3 Qd7 11. c5 Bc7 12. g3 b6 13. Be3 Re8 14. Nbd2 Qd8 15. Qc2
bxc5 16. dxc5 Nxd2 17. Bxd2 Bxd3 18. Rxe8+ Qxe8 19. Qxd3 Nd7 20. Re1 Qd8 21. b4
a5 22. a3 axb4 23. axb4 h6 24. Bc3 Ra3 25. Qc2 Qa8 26. Kg2 Nf8 27. Nd4 Ra2 28.
Qf5 Ng6 29. Re3 Ra3 30. h4 Ne5 31. h5 Qf8 32. Nc2 d4 33. Nxa3 dxe3 34. Bxe5 1-0

[Event "6th Sharjah Masters 2023"]
[Site "Sharjah UAE"]
[Date "2023.05.17"]
[Round "1.13"]
[White "Bernadskiy, Vitaliy"]
[Black "Salem, A.R. Saleh"]
[Result "0-1"]
[WhiteTitle "GM"]
[BlackTitle "GM"]
[WhiteElo "2592"]
[BlackElo "2677"]
[WhiteFideId "14100371"]
[BlackFideId "9301348"]
[EventDate "2023.05.17"]
[EventType "swiss"]

1. d4 Nf6 2. c4 g6 3. Nc3 d5 4. cxd5 Nxd5 5. e4 Nxc3 6. bxc3 Bg7 7. Bb5+ c6 8.
Ba4 O-O 9. Ne2 c5 10. O-O Nc6 11. Bxc6 bxc6 12. Ba3 cxd4 13. cxd4 Ba6 14. Bc5
Re8 15. e5 Qa5 16. f4 Rab8 17. Qc2 e6 18. Rf2 Bxe2 19. Rxe2 Red8 20. Rd1 Qa6 21.
Re3 Rb5 22. Rc3 Qb7 23. Qa4 Bf8 24. Bxf8 Kxf8 25. Qc4 c5 26. a4 Rxd4 27. Rxd4
Rb1+ 28. Kf2 Rb2+ 29. Ke3 Qxg2 0-1

[Event "6th Sharjah Masters 2023"]
[Site "Sharjah UAE"]
[Date "2023.05.17"]
[Round "1.14"]
[White "Tabatabaei, M. Amin"]
[Black "Yuffa, Daniil"]
[Result "1-0"]
[WhiteTitle "GM"]
[BlackTitle "GM"]
[WhiteElo "2677"]
[BlackElo "2592"]
[WhiteFideId "12521213"]
[BlackFideId "24131423"]
[EventDate "2023.05.17"]
[EventType "swiss"]

1. d4 Nf6 2. c4 e6 3. Nc3 Bb4 4. e3 O-O 5. a3 Bxc3+ 6. bxc3 d5 7. cxd5 exd5 8.
Bd3 b6 9. Ne2 Ba6 10. Bxa6 Nxa6 11. Qd3 Nb8 12. O-O c5 13. dxc5 bxc5 14. c4 dxc4
15. Qxc4 Nbd7 16. e4 Qb6 17. f3 Rab8 18. Bf4 Qb3 19. Rfc1 Qxc4 20. Rxc4 Rb7 21.
Rd1 Rc8 22. Kf2 h6 23. g4 Rb2 24. h4 Nb6 25. Rcc1 Nfd7 26. Rb1 Ra2 27. Ra1 Rb2
28. a4 Nf8 29. Bc1 Rc2 30. Rd2 Rxd2 31. Bxd2 Ne6 32. Bc3 Kf8 33. h5 Rd8 34. a5
Nd7 35. Rd1 Nb8 36. Rxd8+ Nxd8 37. Ng3 g6 38. hxg6 fxg6 39. f4 Nbc6 40. e5 Ne6
41. Ke3 Nc7 42. Ke4 Nb5 43. Bd2 c4 44. f5 h5 45. gxh5 gxf5+ 46. Nxf5 c3 47. Bg5
c2 48. e6 Nc7 49. e7+ Kg8 50. a6 Nb4 51. Ke5 Nbxa6 52. Kd6 Ne8+ 53. Kd7 Nac7 54.
h6 a5 55. Ng7 Nf6+ 56. Kxc7 a4 57. Kd8 Kh7 58. Nh5 Kg6 59. Bc1 Kxh5 60. h7 1-0

[Event "6th Sharjah Masters 2023"]
[Site "Sharjah UAE"]
[Date "2023.05.17"]
[Round "1.15"]
[White "Socko, Bartosz"]
[Black "Martirosyan, Haik M."]
[Result "1/2-1/2"]
[WhiteTitle "GM"]
[BlackTitle "GM"]
[WhiteElo "2591"]
[BlackElo "2675"]
[WhiteFideId "1107038"]
[BlackFideId "13306553"]
[EventDate "2023.05.17"]
[EventType "swiss"]

1. d4 Nf6 2. c4 e6 3. Nf3 d5 4. g3 Be7 5. Bg2 O-O 6. O-O dxc4 7. Ne5 Nc6 8. Bxc6
bxc6 9. Nxc6 Qe8 10. Nxe7+ Qxe7 11. Qc2 c5 12. b3 Rd8 13. dxc5 Qxc5 14. Qxc4
Qxc4 15. bxc4 Ba6 16. Na3 Rdc8 17. Bb2 Bxc4 18. Nxc4 Rxc4 19. Rfc1 Rac8 20. Rxc4
Rxc4 21. Rc1 Rxc1+ 22. Bxc1 Nd5 23. Kf1 f6 24. Ke1 Kf7 25. Kd2 Ke7 26. e4 Nb6
27. Kc3 Kd6 28. Be3 Kc6 29. Kb4 f5 30. Bxb6 axb6 31. exf5 exf5 32. Kc4 g5 33.
Kd4 Kd6 34. h3 Ke6 35. g4 f4 36. Ke4 b5 37. a3 h6 38. f3 Kd6 39. Kf5 Kd5 40. Kg6
Kd4 41. Kxh6 Ke3 42. Kxg5 Kxf3 43. Kh4 Ke3 44. g5 f3 45. g6 f2 46. g7 f1=Q 47.
g8=Q Qc4+ 48. Qg4 Kd2 49. Kg3 Kc2 50. h4 Kb2 51. h5 Qc7+ 52. Qf4 Qg7+ 53. Kf2
Kxa3 54. h6 Qh7 55. Qg3+ Ka4 56. Qg7 Qc2+ 57. Ke3 Qc1+ 58. Ke4 Qc2+ 59. Kd5 Qc4+
60. Kd6 Qf4+ 61. Kc6 Qe4+ 62. Kc7 Qf4+ 63. Kc8 Qf5+ 64. Kb8 Qf4+ 65. Ka8 Qf3+
66. Ka7 Qe3+ 67. Kb7 Qe4+ 68. Kb6 Qe3+ 69. Kc6 Qe4+ 70. Kd6 Qf4+ 71. Ke6 Qc4+
72. Ke7 Qc7+ 73. Ke8 Qc8+ 74. Kf7 Qc4+ 75. Kf6 Qf4+ 76. Ke6 Qc4+ 77. Kf5 Qd3+
78. Kg4 Qd1+ 79. Kf4 Qf1+ 80. Ke5 Qe2+ 81. Kd6 Qd3+ 82. Kc7 Qc4+ 83. Kd8 Qd5+
84. Ke7 Qe4+ 85. Kd7 Qd5+ 86. Ke8 Qe6+ 87. Kf8 Qc8+ 88. Ke7 Qc7+ 89. Ke6 Qc4+
90. Kd6 Qf4+ 91. Kd5 Qf3+ 92. Kc5 Qf5+ 93. Kb6 Qe6+ 94. Kc7 Qc4+ 95. Kd8 Qd5+
96. Ke7 Qe4+ 97. Kd6 Qf4+ 98. Kd5 Qf3+ 99. Ke5 Qe3+ 100. Kf5 Qd3+ 101. Kf4 Qf1+
102. Ke5 Qe2+ 103. Kd6 Qd3+ 104. Ke7 1/2-1/2

[Event "6th Sharjah Masters 2023"]
[Site "Sharjah UAE"]
[Date "2023.05.17"]
[Round "1.16"]
[White "Nihal, Sarin"]
[Black "Theodorou, Nikolas"]
[Result "1-0"]
[WhiteTitle "GM"]
[BlackTitle "GM"]
[WhiteElo "2673"]
[BlackElo "2591"]
[WhiteFideId "25092340"]
[BlackFideId "4262875"]
[EventDate "2023.05.17"]
[EventType "swiss"]

1. e4 c5 2. Nf3 Nc6 3. Bb5 e6 4. O-O Nge7 5. d4 cxd4 6. Nxd4 Qb6 7. Nxc6 bxc6 8.
Be2 Ng6 9. c4 Be7 10. Nc3 O-O 11. Rb1 Qc7 12. Be3 Rd8 13. g3 Bb7 14. c5 d5 15.
cxd6 Bxd6 16. Qc2 Qa5 17. Qa4 Qc7 18. Rfd1 c5 19. Rbc1 a6 20. Qc2 Qc6 21. Na4
Qxe4 22. Qxe4 Bxe4 23. Nxc5 Bd5 24. Nxa6 Ne5 25. Bb6 Rdc8 26. Bc7 Bf3 27. Bxf3
Nxf3+ 28. Kg2 Be7 29. Kxf3 Rxa6 30. a3 h5 31. Be5 Rxc1 32. Rxc1 f6 33. Rc8+ Kf7
34. Bd4 Ra4 35. Ke3 e5 36. Bc5 Rc4 37. b4 Bxc5+ 38. Rxc5 Rxc5 39. bxc5 Ke6 40.
a4 Kd5 41. a5 f5 42. a6 Kc6 43. h4 Kd5 1-0

[Event "6th Sharjah Masters 2023"]
[Site "Sharjah UAE"]
[Date "2023.05.17"]
[Round "1.17"]
[White "Jumabayev, Rinat"]
[Black "Oparin, Grigoriy"]
[Result "1/2-1/2"]
[WhiteTitle "GM"]
[BlackTitle "GM"]
[WhiteElo "2590"]
[BlackElo "2667"]
[WhiteFideId "13702661"]
[BlackFideId "24125890"]
[EventDate "2023.05.17"]
[EventType "swiss"]

1. c4 Nf6 2. Nf3 e6 3. Nc3 d5 4. e3 c5 5. cxd5 exd5 6. d4 Nc6 7. Bb5 cxd4 8.
Nxd4 Bd7 9. O-O Bd6 10. Nf3 Be6 11. b3 a6 12. Bd3 Ne5 13. Nxe5 Bxe5 14. Bb2 d4
15. exd4 Qxd4 16. Qf3 Rd8 17. Na4 Bxh2+ 18. Kxh2 Qxd3 19. Qxd3 Rxd3 20. Nc5 Rd5
21. Ba3 Rh5+ 22. Kg1 Bd5 23. Nd3 Kd7 24. Rfd1 Rc8 25. Bb2 Rf5 26. Nb4 Kd6 27.
Bxf6 gxf6 28. Rd2 Rg8 29. f3 a5 30. Nc2 Re8 31. Kf2 Rfe5 32. Rh1 Kc7 33. Rxh7
Rd8 34. Rh6 a4 35. bxa4 Bxa2 36. Nd4 Bc4 37. Rxf6 Ra5 38. Rf4 Rxa4 39. Rb2 Ra2
40. Rxa2 Bxa2 1/2-1/2

[Event "6th Sharjah Masters 2023"]
[Site "Sharjah UAE"]
[Date "2023.05.17"]
[Round "1.18"]
[White "Korobov, Anton"]
[Black "Adhiban, Baskaran"]
[Result "1-0"]
[WhiteTitle "GM"]
[BlackTitle "GM"]
[WhiteElo "2664"]
[BlackElo "2589"]
[WhiteFideId "14105730"]
[BlackFideId "5018471"]
[EventDate "2023.05.17"]
[EventType "swiss"]

1. c4 b6 2. d4 e6 3. Nc3 Bb4 4. e3 Bxc3+ 5. bxc3 Bb7 6. Nf3 d6 7. Bd3 Nf6 8. O-O
Nbd7 9. Nd2 e5 10. e4 Qe7 11. Re1 O-O 12. Nf1 Rae8 13. Ng3 Qd8 14. a4 a5 15. Ra2
Kh8 16. f4 exf4 17. Bxf4 Ng8 18. Rf2 f6 19. h4 g6 20. Ref1 Qe7 21. Bc1 Qe6 22.
h5 g5 23. Nf5 Ne7 24. Ne3 h6 25. Nd5 Rc8 26. Be2 f5 27. exf5 Qf7 28. f6 Nxd5 29.
cxd5 Bxd5 30. Bd3 Bc4 31. Bxc4 Qxc4 32. f7 Qe6 33. Qc2 d5 34. Re2 Qd6 35. Qf5 1-0

[Event "6th Sharjah Masters 2023"]
[Site "Sharjah UAE"]
[Date "2023.05.17"]
[Round "1.19"]
[White "Vokhidov, Shamsiddin"]
[Black "Sindarov, Javokhir"]
[Result "1/2-1/2"]
[WhiteTitle "GM"]
[BlackTitle "GM"]
[WhiteElo "2586"]
[BlackElo "2661"]
[WhiteFideId "14204223"]
[BlackFideId "14205483"]
[EventDate "2023.05.17"]
[EventType "swiss"]

1. e4 e5 2. Nf3 Nc6 3. Bb5 a6 4. Ba4 Nf6 5. O-O Bc5 6. c3 b5 7. Bc2 d5 8. d4
dxe4 9. Nbd2 exf3 10. Qxf3 Be7 11. Qxc6+ Bd7 12. Qf3 exd4 13. Ne4 O-O 14. Rd1 c5
15. Bg5 Re8 16. Bxf6 Bxf6 17. Nxc5 Bc6 18. Qxc6 Rc8 19. Qxa6 Rxc5 20. g3 Qc8 21.
Qxc8 Rexc8 22. Bb3 dxc3 23. bxc3 Rxc3 24. Rab1 R3c7 25. Rd5 b4 26. Rbd1 Kf8 27.
Kg2 Re8 1/2-1/2

[Event "6th Sharjah Masters 2023"]
[Site "Sharjah UAE"]
[Date "2023.05.17"]
[Round "1.20"]
[White "Cheparinov, Ivan"]
[Black "Azarov, Sergei"]
[Result "1-0"]
[WhiteTitle "GM"]
[BlackTitle "GM"]
[WhiteElo "2660"]
[BlackElo "2582"]
[WhiteFideId "2905540"]
[BlackFideId "13501470"]
[EventDate "2023.05.17"]
[EventType "swiss"]

1. e4 e5 2. Nf3 Nc6 3. Bb5 a6 4. Ba4 Nf6 5. O-O Be7 6. Re1 b5 7. Bb3 d6 8. c3
O-O 9. h3 Bb7 10. d4 Re8 11. Nbd2 Bf8 12. a4 exd4 13. cxd4 Qd7 14. Ng5 d5 15. e5
Nxd4 16. exf6 Rxe1+ 17. Qxe1 Re8 18. Qd1 Qf5 19. Ndf3 Nxb3 20. Qxb3 gxf6 21.
axb5 fxg5 22. bxa6 Ba8 23. Bxg5 d4 24. a7 d3 25. Be3 Qg6 26. Nh4 Qf6 27. Ra4 Re4
28. Rxe4 Bxe4 29. Qa4 Qc6 30. Qa5 f6 31. Nf5 Qd5 32. Qxd5+ Bxd5 33. Nd4 Bb4 34.
Nb5 d2 35. Bxd2 Bxd2 36. Nxc7 Bb7 37. a8=Q+ Bxa8 38. Nxa8 Ba5 39. Kh2 Kf7 40.
Kg3 Ke6 41. Kg4 Kd5 42. Kh5 Kc6 43. Kh6 Be1 44. h4 Bxf2 45. h5 f5 46. Kxh7 Bd4
47. b3 f4 48. h6 Kb7 49. Kg8 1-0